000 00322nam a22001457a 4500
008 210517b ||||| |||| 00| 0 eng d
020 _a9780471534396
041 _aeng
080 _25th
_a541
082 _a541
100 _a12
101 _aKIM
245 _aChemical Thermodynamics
_Irving M, Klotz
942 _2udc
_cBK
999 _c57368
_d57368